00786nam a2200265Ia 450000500170000000800410001702000240005804000190008204100120010108200130011310000210012624500380014725000250018526000360021030000180024650400500026463000190031463000180033365000130035165100180036485000110038294200070039399900170040095201030041720231129113038.0131103s9999 xx 000 0 und d a8176253901cRs 1100 aLoreto College aEnglish a396bKUS aKushwaha, Saumya aWomen Welfareb cSaumya Kushwaha aSome new dimensions  aNew DelhibSarup and Sonsc2003 a349pb tables aIncludes bibliographical references and index aGender Studies aWomen Welfare aFeminism aWomen Studies aLCLIB  cBK c28669d79148 00102ddc4070aMAINbMAINd2013-11-04l0o396 KUS 47194pB31517r2013-11-04w2013-11-04yBKf